Statystyki dla WWE Fantasy Federation

Kliknij tutaj aby rozwiązać quiz!

Ogólne statystyki

  • Ten quiz został rozwiązany 41 razy
  • Średni wynik to 2 z 15

Statystyki odpowiedzi

HintOdpowiedź% Poprawnych
Kto był 1 mistrzem WWESeth Rollins
58%
1 Mistrzyni RawAlexa Bliss
24%
Jaka walka była w walce wieczoru WrestlemaniiBecky Lynch vs. Charlotte Flair
15%
Jaki brand wygrał puchar na gali Brand's FightSmackDown Live
15%
Kto wygrał Royal Rumble Match mężczyznAleister Black
12%
Zwycięzca Andre The Giant Battle RoyalDrew McIntyre
9%
Z kim walczył Filip Petla na WrestlemaniiKenny Omega
9%
Najdłużej panujący mistrz w federacjiRicochet
6%
1 Mistrzowie Tag Team RawThe Revival
6%
2 Mistrz UniversalAdam Cole
3%
1 Mistrz United StatesCM Punk
3%
1 Mistrzowie Tag Team SD LiveDudi James & Sheamus
3%
1 Mistrz InterkontynentalnyKota Ibushi
3%
Aktualny COONicholas Johnson
3%
1 Mistrzyni SmackDown LiveToni Storm
3%

Rozkład punktacji

Percentyl według liczby udzielonych odpowiedzi

Procent ludzi z każdym wynikiem

Twoja historia wyników

Nie rozwiązałeś tego quizu